| 000 | 00000nam 2200000za 4500 |
| 001 | 9.852891 |
| 003 | CaOODSP |
| 005 | 20221107154707 |
| 007 | cr ||||||||||| |
| 008 | 180305s1976 onc #o f000 0 eng d |
| 040 | |aCaOODSP|beng |
| 043 | |an-cn--- |
| 086 | 1 |aR32-461/1976E-PDF |
| 245 | 00|aSummary of "As long as this land shall last" |h[electronic resource] / |cprepared by T&HRC. |
| 246 | 10|aAs long as this land shall last |
| 260 | |aOttawa : |bTreaties and Historical Research Centre, |c1976. |
| 300 | |a19 p. |
| 500 | |aTitle from cover. |
| 500 | |aDigitized edition from print [produced by Indigenous and Northern Affairs Canada]. |
| 520 | |a"In As Long as This Land Shall Last René Fumoleau discusses the background and after effects of Treaties 8 and 11. The westward migration of Canadian settlers in the early part of the nineteenth century led to the negotiating of treaties, adhesions to treaties, and land surrenders in attempts at mutual agreement between the white settlers and the Indian people"--Introduction, p. 2. |
| 692 | 07|2gccst|aIndians |
| 692 | 07|2gccst|aLand claims |
| 692 | 07|2gccst|aAgreements |
| 710 | 2 |aTreaties and Historical Research Centre (Canada) |
| 710 | 1 |aCanada. |bIndian and Northern Affairs Canada. |
| 856 | 40|qPDF|s1.24 MB|uhttps://publications.gc.ca/collections/collection_2018/aanc-inac/R32-461-1976-eng.pdf |